| 000 | 00492nam a2200181Ia 4500 | ||
|---|---|---|---|
| 001 | 8804 | ||
| 005 | 20260306160637.0 | ||
| 008 | 260306t2011||||xx |||||||||||||| ||spa|| | ||
| 041 | _aESP | ||
| 082 |
_a371.358 _bD88 |
||
| 100 |
_aDomínguez Fernández, Guillermo... (et al.) _eAUT |
||
| 245 | 0 |
_aOrientación educativa y Tic: _bnuevas respuestas para nuevas realidades |
|
| 260 | _c2011 | ||
| 300 |
_a147 páginas : _c24 cm. |
||
| 650 | _aGEN | ||
| 654 | _aCED | ||
| 942 |
_cLIB _dJUS _fJUS _2ddc _n |
||
| 999 |
_c8804 _d8804 |
||